| 000 | 00591nam a22001217a 4500 | ||
|---|---|---|---|
| 008 | 140910b xxu||||| |||| 00| 0 eng d | ||
| 050 | _aKF101.A312(Vol144) | ||
| 245 |
_aUnited States supreme court reports October term, 1998: _bCases contained in U.S reports vols. 526 US(part) and 527 US Lawyers' Edition second series vol. 144. Complete with headlines,head notes, statements of case. points and authorities of counsel, footnotes and parallel references. |
||
| 260 |
_aLondon: _bLexisNexis _c2001. |
||
| 300 |
_axxxv, 950p.: _c24cm |
||
| 440 |
_pOctober term 1998. _vVol. 150 |
||
| 942 |
_2lcc _cBK |
||
| 999 |
_c4740 _d12240 |
||